000
00261 a2200097 4500
001
34549
100
_a
Fowler, Dennis
245
_a
Virtual Private Networks ; making the rihjt connectionx
260
_a
California
_b
Morgan Kaufmann
_c
1999
090
_c
22832
_d
22832
942
_a
NUST-CAE
_c
M
_c
14261
999
_c
269622
_d
269622